[Event "AUTO-ELITE-1356"]
[Site "http://www.queenalice.com/game.php?id=1292435"]
[Date "2014.7.4"]
[Round "1"]
[White "DenianCXI"]
[Black "mowliid12"]
[Result "0-1"]
[WhiteElo "2290"]
[BlackElo "2285"]

1. e4 c5 2. Nf3 d6 3. d4 cxd4 4. Nxd4 Nf6 5. Nc3 a6 6. Bg5 e6 7. f4 Be7 8. Qf3
Qc7 9. O-O-O Nbd7 10. g4 b5 11. Bxf6 Nxf6 12. Bg2 Bb7 13. Rhe1 b4 14. Na4 Nd7
15. Kb1 Rc8 16. Qe2 Nc5 17. Nxc5 dxc5 18. Nf3 Qxf4 19. h3 Qc7 20. g5 O-O 21. h4
c4 22. h5 c3 23. b3 Qa5 0-1

[Event "AUTO-ELITE-1356"]
[Site "http://www.queenalice.com/game.php?id=1292436"]
[Date "2014.7.4"]
[Round "1"]
[White "mowliid12"]
[Black "DenianCXI"]
[Result "1-0"]
[WhiteElo "2297"]
[BlackElo "2278"]

1. d4 Nf6 2. c4 e6 3. Nf3 b6 4. g3 Ba6 5. Nbd2 d5 6. Bg2 c6 7. O-O Bxc4 8. Nxc4
dxc4 9. Ne5 Nd5 10. Nxc4 Nd7 11. e4 Nc7 12. Bf4 Nf6 13. Ne5 c5 14. Rc1 Nb5 15.
Qa4 a6 16. dxc5 bxc5 17. Rfd1 Qc8 18. b4 Be7 19. bxc5 O-O 20. c6 Ba3 21. Rc2 Rd8
22. Nd7 e5 23. Bxe5 Ng4 24. Bf4 Be7 25. h3 Nf6 26. e5 1-0

[Event "AUTO-ELITE-1359"]
[Site "http://www.queenalice.com/game.php?id=1293923"]
[Date "2014.7.10"]
[Round "1"]
[White "mowliid12"]
[Black "DenianCXI"]
[Result "1-0"]
[WhiteElo "2303"]
[BlackElo "2232"]

1. d4 Nf6 2. c4 e6 3. Nc3 Bb4 4. Qc2 O-O 5. Nf3 c5 6. e3 Nc6 7. Bd3 Bxc3+ 8.
bxc3 b6 9. O-O Ba6 10. e4 d6 11. Qe2 e5 12. d5 Na5 13. Nd2 Qd7 14. Nb3 Nb7 15.
h3 Qa4 16. f4 Nd7 17. Be3 f6 18. f5 Nd8 19. Rf3 Kf7 20. Rg3 g5 21. fxg6+ hxg6
22. Qg4 Rg8 23. Rf1 Ke7 24. Qh4 Nf7 25. Rgf3 g5 26. Qg4 Bxc4 27. Qe6+ Kf8 28.
Bxc4 Re8 29. Qg4 1-0

[Event "AUTO-ELITE-1359"]
[Site "http://www.queenalice.com/game.php?id=1293924"]
[Date "2014.7.10"]
[Round "1"]
[White "DenianCXI"]
[Black "mowliid12"]
[Result "0-1"]
[WhiteElo "2243"]
[BlackElo "2292"]

1. e4 e6 2. d4 d5 3. Nd2 c5 4. exd5 exd5 5. Ngf3 Nf6 6. Bb5+ Bd7 7. Qe2+ Be7 8.
O-O O-O 9. Ne5 cxd4 10. Ndf3 Bc5 11. Bf4 a6 12. Bxd7 Nbxd7 13. Nxd7 Qxd7 14. Qd3
Rfe8 15. Be5 Qg4 16. Bxf6 gxf6 17. Rad1 Re4 18. h3 Qd7 19. c3 Rae8 20. Nxd4 Bxd4
21. Qg3+ Kh8 22. Rxd4 Rxd4 23. cxd4 Qa4 24. Qf4 Kg7 25. Rc1 Qxa2 26. Rc7 Qb1+
27. Kh2 Re1 0-1

[Event "AUTO-ELITE-1359"]
[Site "http://www.queenalice.com/game.php?id=1293929"]
[Date "2014.7.10"]
[Round "1"]
[White "arvo1938"]
[Black "DenianCXI"]
[Result "0-1"]
[WhiteElo "2365"]
[BlackElo "2297"]

1. d4 d5 2. Nf3 Nf6 3. c4 c6 4. Nc3 e6 5. e3 Nbd7 6. Bd3 dxc4 7. Bxc4 b5 8. Bd3
a6 9. a4 Bb7 10. axb5 cxb5 11. Qe2 Bb4 12. O-O Bxc3 13. bxc3 O-O 14. e4 Rc8 15.
e5 Nd5 16. Ng5 g6 17. Ne4 Nxc3 18. Nxc3 Rxc3 19. Bd2 Rc8 20. Bh6 Re8 21. Rfd1
Nb6 22. Be4 Bxe4 23. Qxe4 Nd5 24. Qf3 a5 25. g3 Rc3 26. Rd3 b4 27. Kg2 Qc7 28.
Rxc3 bxc3 29. Bc1 Rb8 30. Qd3 Qb7 31. Kh3 Qb5 32. Qxb5 Rxb5 33. Bh6 Nb4 34. Ra3
c2 35. Rc3 Rb8 36. Kg2 a4 37. Bc1 Kg7 38. Kf3 h5 39. Ke4 Nd5 40. Rxc2 Rb3 41.
Rc8 a3 42. Ra8 a2 43. Bg5 Rb8 0-1

[Event "AUTO-ELITE-1359"]
[Site "http://www.queenalice.com/game.php?id=1293930"]
[Date "2014.7.10"]
[Round "1"]
[White "DenianCXI"]
[Black "arvo1938"]
[Result "0-1"]
[WhiteElo "2253"]
[BlackElo "2328"]

1. e4 c5 2. Nf3 e6 3. d3 Nc6 4. g3 d5 5. Nbd2 Nf6 6. Bg2 Be7 7. O-O O-O 8. e5
Nd7 9. Re1 Qc7 10. Qe2 b5 11. c3 Bb7 12. d4 b4 13. Nf1 Qa5 14. Bd2 Ba6 15. Qd1
cxd4 16. cxd4 Qb6 17. Be3 Rfc8 18. Rc1 Nd8 19. N1d2 Rxc1 20. Qxc1 Rc8 21. Qb1 f5
22. Rc1 Rxc1+ 23. Qxc1 Nf7 24. b3 h6 25. Bf1 Bxf1 26. Nxf1 a5 27. Ne1 Nb8 28.
Nd3 Nc6 29. Nc5 Bxc5 30. dxc5 Qb5 31. f4 Qd3 32. Bf2 Nfd8 33. Qd2 Qc3 34. Qe2 d4
35. Qb5 Qc2 36. Be1 Qxa2 37. Nd2 Qc2 38. h4 Qc3 39. Kf1 g5 40. hxg5 hxg5 41.
fxg5 Kg7 42. Qe2 Nf7 43. Bf2 Ncxe5 44. g6 Kxg6 45. g4 a4 46. gxf5+ exf5 47. bxa4
b3 48. Nxb3 Qxb3 49. Bxd4 Nd3 50. Kg1 Nf4 51. Qe3 Qd1+ 52. Kh2 Qh5+ 53. Kg3 Ne2+
54. Kf2 Qh2+ 55. Ke1 Nxd4 56. Qxd4 Qe5+ 57. Qxe5 Nxe5 58. Ke2 Nc6 59. Kd3 Kf6
60. Kc4 Ke5 61. Kb5 Kd5 0-1

[Event "toomchess"]
[Site "http://www.queenalice.com/game.php?id=1303153"]
[Date "2014.8.21"]
[Round "3"]
[White "toomchess"]
[Black "DenianCXI"]
[Result "1-0"]
[WhiteElo "2137"]
[BlackElo "2311"]

1. e4 c6 2. d4 d5 3. exd5 cxd5 4. Bd3 Nc6 5. c3 Nf6 6. Bf4 Qb6 7. Qc2 g6 8. Na3
a6 9. Ne2 Bg7 10. h4 Nh5 11. Be3 Bd7 12. f3 e5 13. Qb3 Qxb3 14. axb3 exd4 15.
Nxd4 Nxd4 16. Bxd4 Bxd4 17. cxd4 Bf5 18. Bxf5 Ng3 19. Rh3 Nxf5 20. Nc2 Rc8 21.
Kd2 Kd7 22. g4 Ne7 23. h5 g5 24. b4 Rc4 25. b3 Rc7 26. Rc1 Rhc8 27. f4 f6 28.
Rf3 f5 29. fxg5 fxg4 30. Rg3 Nf5 31. Rgg1 g3 32. g6 hxg6 33. hxg6 Rc3 34. g7 Rf3
35. Ne3 Rxc1 36. g8=Q Rxg1 37. Qxd5+ Nd6 38. Qxf3 Rb1 39. Kc2 Ra1 40. Qxg3 Ra2+
41. Kb1 1-0

[Event "AUTO-MASTER-2144"]
[Site "http://www.queenalice.com/game.php?id=1303875"]
[Date "2014.8.24"]
[Round "1"]
[White "DenianCXI"]
[Black "Constante"]
[Result "0-1"]
[WhiteElo "2085"]
[BlackElo "2146"]

1. e4 d5 2. exd5 Qxd5 3. Nc3 Qa5 4. d4 Nf6 5. Bd2 Bg4 6. f3 Bd7 7. Bc4 Qb6 8.
Nge2 e6 9. O-O Be7 10. Bb3 Bc6 11. a4 a5 12. Nb5 Bxb5 13. axb5 Nbd7 14. c4 c5
15. bxc6 bxc6 0-1

[Event "AUTO-MASTER-2144"]
[Site "http://www.queenalice.com/game.php?id=1303888"]
[Date "2014.8.24"]
[Round "1"]
[White "DenianCXI"]
[Black "andrevillares"]
[Result "0-1"]
[WhiteElo "2121"]
[BlackElo "1970"]

1. e4 c6 2. d4 d5 3. e5 Bf5 4. h4 h5 5. Nf3 e6 6. Be2 Nd7 7. Bg5 f6 8. exf6 gxf6
9. Bf4 Ne7 10. Nc3 Ng6 11. Be3 e5 12. Qd2 Bb4 13. a3 Qa5 14. O-O-O Bxc3 15. Qxc3
Qxc3 16. bxc3 e4 17. Nd2 O-O-O 18. Nb3 Be6 19. Kd2 f5 20. g3 Rdf8 21. f4 exf3
22. Bxf3 f4 23. gxf4 Nxf4 24. Rdf1 Nb6 25. Na5 Rh7 0-1

[Event "AUTO-MASTER-2144"]
[Site "http://www.queenalice.com/game.php?id=1303889"]
[Date "2014.8.24"]
[Round "1"]
[White "andrevillares"]
[Black "DenianCXI"]
[Result "1-0"]
[WhiteElo "1992"]
[BlackElo "2104"]

1. d4 Nf6 2. c4 c5 3. d5 e6 4. Nc3 exd5 5. cxd5 d6 6. e4 g6 7. Be2 Bg7 8. Nf3
O-O 9. O-O Re8 10. Bg5 a6 11. a4 Nbd7 12. Bd3 h6 13. Re1 hxg5 14. Nxg5 Ne5 15.
f4 Bg4 16. Be2 Bxe2 17. Rxe2 Ned7 18. Qe1 Nh7 19. Nxh7 Kxh7 20. Ra3 Rb8 21. a5
Bd4+ 22. Kh1 Rh8 23. Nd1 Kg7 24. Qg3 Qh4 25. Qxh4 Rxh4 26. g3 1-0

[Event "AUTO-MASTER-2144"]
[Site "http://www.queenalice.com/game.php?id=1303890"]
[Date "2014.8.24"]
[Round "1"]
[White "DenianCXI"]
[Black "Paulsains"]
[Result "1-0"]
[WhiteElo "2295"]
[BlackElo "1798"]

1. e4 e5 2. Nf3 Nf6 3. Nxe5 Qe7 4. d4 d6 5. Nf3 Qxe4+ 6. Be2 Bf5 7. c3 Be7 8.
O-O O-O 9. Re1 Qc2 10. Qxc2 Bxc2 11. Na3 Bg6 12. Nb5 Na6 13. Bf4 Nd5 14. Bg3
Rfe8 15. Bc4 Nb6 16. Bb3 Bd3 17. Na3 h6 18. Re3 Bg6 19. Rae1 Kf8 20. Bc4 Nxc4
21. Nxc4 b5 22. Na3 c6 23. Rxe7 Rxe7 24. Bxd6 Re8 25. d5 cxd5 26. Nxb5 Nb8 27.
Nc7 1-0

[Event "AUTO-MASTER-2144"]
[Site "http://www.queenalice.com/game.php?id=1303891"]
[Date "2014.8.24"]
[Round "1"]
[White "Paulsains"]
[Black "DenianCXI"]
[Result "0-1"]
[WhiteElo "1821"]
[BlackElo "2294"]

1. e4 c5 2. Nf3 Nc6 3. Be2 e6 4. O-O Qc7 5. d3 Nf6 6. Bg5 Be7 7. Nc3 O-O 8. h3
Rd8 9. Re1 d5 10. Nb5 Qb8 11. c4 dxe4 12. Qb3 exf3 13. Bxf3 Ne5 14. Be4 h6 15.
Bf4 Nfd7 16. d4 cxd4 17. Nxd4 Bd6 18. Rad1 Nxc4 19. Qxc4 Bxf4 20. Bc2 Nb6 21.
Qb3 Bd7 22. Ne2 Ba4 23. Qc3 Qc7 24. Bxa4 Nxa4 25. Qb4 Rxd1 26. Rxd1 Qc2 0-1

[Event "AUTO-MASTER-2157"]
[Site "http://www.queenalice.com/game.php?id=1309004"]
[Date "2014.9.18"]
[Round "1"]
[White "maxchessbr"]
[Black "DenianCXI"]
[Result "1-0"]
[WhiteElo "2146"]
[BlackElo "2162"]

1. e4 c5 2. Nf3 Nc6 3. d4 cxd4 4. c3 dxc3 5. Nxc3 e6 6. Bc4 Qc7 7. O-O Nf6 8.
Re1 Bb4 9. Nb5 Qb8 10. Bd2 a6 11. Bxb4 axb5 12. Bd6 Qa7 13. Bxb5 Ng4 14. Qd2 f6
15. h3 Nge5 16. Nxe5 Nxe5 17. a4 b6 18. Rac1 Qa5 19. b4 Qa7 20. Rc7 Qb8 21. Rec1
Kf7 22. Rxc8 Qxc8 23. Rxc8 1-0

[Event "AUTO-MASTER-2157"]
[Site "http://www.queenalice.com/game.php?id=1309005"]
[Date "2014.9.18"]
[Round "1"]
[White "DenianCXI"]
[Black "maxchessbr"]
[Result "0-1"]
[WhiteElo "2175"]
[BlackElo "2133"]

1. Nf3 d5 2. g3 Nc6 3. Bg2 e5 4. d3 Nf6 5. Nbd2 Be7 6. O-O O-O 7. Re1 Bg4 8. h3
Bd7 9. e4 dxe4 10. dxe4 Qc8 11. Kh2 Bc5 12. Qe2 Re8 13. c3 a5 14. a4 h6 15. Nc4
Bg4 16. hxg4 Nxg4+ 17. Kh3 Qe6 18. Be3 Nxe3+ 19. Kh2 Nxc4 20. Bh3 Qf6 21. Qxc4
Bxf2 22. Rf1 Qxf3 23. Rxf2 Qxf2+ 0-1

[Event "AUTO-MASTER-2157"]
[Site "http://www.queenalice.com/game.php?id=1309020"]
[Date "2014.9.18"]
[Round "1"]
[White "janeil"]
[Black "DenianCXI"]
[Result "1-0"]
[WhiteElo "2351"]
[BlackElo "2222"]

1. e4 c5 2. Nf3 Nc6 3. Bb5 e6 4. O-O Nd4 5. Nxd4 cxd4 6. c3 a6 7. Be2 Bc5 8. d3
e5 9. Nd2 dxc3 10. bxc3 Ne7 11. d4 Ba7 12. dxe5 Nc6 13. Nc4 O-O 14. Bf4 f6 15.
exf6 Qxf6 16. Be3 1-0

[Event "AUTO-MASTER-2157"]
[Site "http://www.queenalice.com/game.php?id=1309021"]
[Date "2014.9.18"]
[Round "1"]
[White "DenianCXI"]
[Black "janeil"]
[Result "0-1"]
[WhiteElo "2214"]
[BlackElo "2359"]

1. e4 c5 2. Nf3 Nc6 3. d4 cxd4 4. Nxd4 g6 5. Be3 Nf6 6. Nc3 Bg7 7. Bc4 O-O 8. f3
Qb6 9. Qd2 Nxe4 10. Nxc6 Qxc6 11. Nxe4 Qxc4 12. O-O-O Qxa2 13. c3 d6 14. g4 f5
15. Nf2 Be6 0-1